KITCHEN EQIUPMENT AND DESIGN (Record no. 8079)

MARC details
000 -LEADER
fixed length control field 00331nam a22001457a 4500
020 ## - INTERNATIONAL STANDARD BOOK NUMBER
International Standard Book Number 81-8204-025-6
082 ## - DEWEY DECIMAL CLASSIFICATION NUMBER
Classification number 643.3
Item number AGG
100 ## - MAIN ENTRY--PERSONAL NAME
Personal name AGGARWAL, D.K
245 ## - TITLE STATEMENT
Title KITCHEN EQIUPMENT AND DESIGN
260 ## - PUBLICATION, DISTRIBUTION, ETC. (IMPRINT)
Place of publication, distribution, etc DELHI
Name of publisher, distributor, etc AMAN
Year of Publication 2006
300 ## - PAGE DESCRIPTION
No. of Pages 298
650 ## - SUBJECT ADDED ENTRY--TOPICAL TERM
Topical term or geographic name as entry element HOTEL MANAGEMENT
653 ## - KEYWORDS--INDEX TERM
Keyword term KITCHEN, EQIUPMENT
942 ## - ADDED ENTRY ELEMENTS (KOHA)
Source of classification or shelving scheme Dewey Decimal Classification
Koha item type Books
Holdings
Withdrawn status Lost status Source of classification or shelving scheme Damaged status Not for loan Collection code Home library Current library Shelving location Date acquired Vendor Name Cost, normal purchase price SGTU Bill Number Total Checkouts Full call number Accession No. (Barcode) Date last seen Date last borrowed Bill Date Koha item type
    Dewey Decimal Classification     HOTEL MANAGEMENT SGT Science & Social Sciences Library SGT Science & Social Sciences Library Text Book 10/10/2015 JINDAL BOOK SERVICE 680.00 SGTU 1775 1 643.3 AGG HM545 20/09/2018 04/09/2018 07/09/2015 Books
    Dewey Decimal Classification     HOTEL MANAGEMENT SGT Science & Social Sciences Library SGT Science & Social Sciences Library Text Book 10/10/2015 JINDAL BOOK SERVICE 680.00 SGTU 1775 1 643.3 AGG HM546 01/03/2017 23/02/2017 07/09/2015 Books